Revista AD-minister

Bibliographic Details
Format: eBook
Language:Spanish
Published: Medelln̕: Universidad EAFIT.
Subjects:
Online Access:Acceso restringido

MARC

LEADER 00000nam a22000007a 4500
005 2017052303493.0
007 cr|||| ||||
008 170523c20uu9999co fr|| s|||| 0|||b1spa d
035 |a 14760 
040 |a vLex 
090 |c 6686  |d 6686 
245 0 0 |a Revista AD-minister  |h [Recurso electrn̤ico] 
256 |a Servicio en ln̕ea 
260 |a Medelln̕:  |b Universidad EAFIT. 
300 |a 1 recurso electrn̤ico 
506 0 |a Contenido disponible en los productos indicados  |d vLex Global  |d vLex Global (Academic Edition, excluding Law Schools)  |d vLex Global (U.S. Academic Edition, Law Schools)  |d vLex Global (U.S. Academic Edition, excluding Law Schools)  |d vLex Global (Academic Edition, Law Schools) 
650 0 4 |a Derecho mercantil  |z Colombia 
650 0 4 |a Derecho pb︢lico  |z Colombia 
740 0 |a vLex Revistas (Servicio en ln̕ea) 
856 4 0 |u http://vlex.com/source/revista-ad-minister-14760  |z Acceso restringido 
942 |c REV 
999 0 |a Commercial law 
999 0 |a Public law